ბათუმის შოთა რუსთაველის სახელმწიფო უნივერსიტეტის ბიბლიოთეკა

Special Care in Dentistry: (ბიბ.ჩანაწერი № 63301)

000 -LEADER
fixed length control field 00740nam a22002297a 4500
005 - DATE AND TIME OF LATEST TRANSACTION
control field 20250730150401.0
008 - FIXED-LENGTH DATA ELEMENTS--GENERAL INFORMATION
fixed length control field 250730s2007 en ||||| |||| 00| 0 eng d
020 ## - INTERNATIONAL STANDARD BOOK NUMBER
International Standard Book Number 9780443071515 X
041 ## - LANGUAGE CODE
Language code of text/sound track or separate title eng
080 ## - UNIVERSAL DECIMAL CLASSIFICATION NUMBER
Universal Decimal Classification number 616.31 S-42
100 ## - MAIN ENTRY--PERSONAL NAME
Personal name Scully, Crispian
9 (RLIN) 22046
245 ## - TITLE STATEMENT
Title Special Care in Dentistry:
Remainder of title Handbook of Oral Health Care /
Statement of responsibility, etc. Crispian Scully, Pedro Diz Dios, Navdeep Kumar
250 ## - EDITION STATEMENT
Edition statement first publihed
264 ## - PRODUCTION, PUBLICATION, DISTRIBUTION, MANUFACTURE, AND COPYRIGHT NOTICE
Place of production, publication, distribution, manufacture Edinburgh :
Name of producer, publisher, distributor, manufacturer Elsevier,
Date of production, publication, distribution, manufacture, or copyright notice 2007.
300 ## - PHYSICAL DESCRIPTION
Extent 504 p.:
Other physical details ill;
Dimensions 19 cm.
653 ## - INDEX TERM--UNCONTROLLED
keyword MEDICAL / Dentistry / General
653 ## - INDEX TERM--UNCONTROLLED
keyword მედიცინა
653 ## - INDEX TERM--UNCONTROLLED
keyword სტომატოლოგია
700 ## - ADDED ENTRY--PERSONAL NAME
Personal name Diz Dios, Pedro
9 (RLIN) 25710
700 ## - ADDED ENTRY--PERSONAL NAME
Personal name Kumar, Navdeep
9 (RLIN) 25680
942 ## - ADDED ENTRY ELEMENTS (KOHA)
Source of classification or shelving scheme
Koha item type წიგნი
ეგზემპლარები
Withdrawn status Lost status Source of classification or shelving scheme Damaged status Not for loan Permanent Location Current Location Shelving location Date acquired Cost, normal purchase price Full call number Barcode Date last seen Copy number Price effective from Koha item type Public note
          ბათუმის შოთა რუსთაველის სახელმწიფო უნივერსიტეტის მთავარი ბიბლიოთეკა ბათუმის შოთა რუსთაველის სახელმწიფო უნივერსიტეტის მთავარი ბიბლიოთეკა წიგნსაცავი 2025-07-30 121.00 616.31 S-42 72204 2025-07-30 72204 2025-07-30 წიგნი 121.00